000 00643nam a22002417a 4500
003 UA-OsUOA
001 120747
007 ta
008 20170217b un ||||| |||| 00| 0 ukr d
100 _aРоманюк Р.
090 _a821.161.2
_bР69
942 _cBK
040 _aUA-OsUOA
_bukr
_cUA-OsUOA
_dUA-OsUOA
245 _aУсміхнений Єремія
_bпоезія
300 _a52 с.
955 _a3
041 _aukr
080 _a821.161.2
020 _a978-611-517-004-3
260 _aЛуцьк
_bТвердиня
_c2009
650 7 _a82 Література. Літературознавство
_2UDC
999 _c406854
_d406854